1498 1498 1870 1841 1079 1541 1999 1209 1900 1183 1670 1022 1489 1215 1219 1789 1998 1589 1375 1892 1033 1849 1563 1080 1314 1634 1806 1108 1739 1748 1480 1676 1823 1346 1694 1652 1671 1761 1559 1696 1104 1857 1987 1203 1287 1684 1488 1245 1625 1508 1829 1046 1661 1734 1648 1092 1760 1661 1914 1472 1816 1969 1516 1614 1806 1459 1281 1134 1313 1162 1298 1713 1204 1804 1238 1318 1431 1358 1501 1087 1094 1942 1051 1318 1944 1326 1736 1298 1412 1056 1377 1705 1662 1755 1036 1469 1388 1506 1486 BCNSPRNW ULIB Ver.6.0+V

เปลี่ยนเป็นภาษาไทย

Change to English
 แสดงรายละเอียดบรรณานุกรม
  กลับหน้าหลัก

Brief Record : Get Marc (ISO 2709) : E-mail record : QR code < ปิดหน้าต่าง
LEADER : 00000nam 2200000uu 4500
001    13399111584
003     ULIB
008    110703s||||||||th 000 0 tha d
050  4 BQ4570^bห313ค 2544
100 0  พระโพธิญาณ (ชา สุภัทโท),^d2461-2535
245 10 ความผิดในความถูก /^cพระโพธิญาณเถร (หลวงปู่ชา สุภทโท)
260    กรุงเทพฯ :^bเฟื่องฟ้า,^c2544
300    218 หน้า
650  4 ธรรมะ
650  4 พุทธศาสนา^xคำสอน
945    ^p0^l0^i020679
995    ทศพร
999 ^a ใช้งานได้ทุกระบบ
รายการนี้ยังไม่มีแท็ก
คุณยังไม่ได้ล็อกอิน คุณสามารถมีกิจกรรมร่วมกับเว็บไซต์ได้ แต่ต้องล็อกอินก่อน ::
  ล็อกอิน

รายการสื่อสารสนเทศ

ลำดับที่ ประเภท เลขเรียก/บาร์โค้ด สถานที่ สถานะ
- ไม่พบข้อมูล -

รายการใกล้เคียง
    หัวเรื่อง [ธรรมะ]

BibComment


ยังไม่เคยถูกคอมเมนท์

คอมเมนท์ทรัพยากรรายการนี้
  คอมเมนท์: ความผิดในความถูก ..


 Copyright 2026. Bcnsprnw @Library